Michel aus Lönneberga - Statistiken

Allgemein
  • Dieses Quiz wurde 173 mal gespielt
  • Das Durchschnittsergebnis liegt bei 10 aus 15
Antwortstatistiken
Frage Antwort % Korrekt
Wo wird Michel eingesperrt, wenn er Unsinn gemacht hat, und schnitzt dort Holzmännchen? Sch{uppen}
89%
Worin bleibt Michels Kopf stecken, woraufhin die Familie zum Arzt in die Stadt fahren muss? Suppenschüssel
88%
... Schwester? Ida
85%
Wie heißt der Knecht? Alfred
74%
Wie heißt die alte Frau aus der Nähe, die oft auf dem Hof aushilft und Schauergeschichten erzählt? Krösa-{Maja}
70%
Wie heißt die Magd? Lina
69%
Wie lautet sein Nachname? S{vensson}
68%
Was für ein Tier zieht Michel groß, das zu seinem besten Freund wird? Ferkel
67%
Auf welchem Hof in Lönneberga lebt Michel mit seinter Familie? K{atthult}
60%
Wie heißt Michel im schwedischen Original? Emil
57%
... Mutter? Alma
50%
In welcher schwedischen Provinz liegt der Ort Lönneberga? S{måland}
47%
... Vater? Anton
46%
Wie heißt das gehandicappte Huhn, das Michel auf der Auktion in Backhorva ersteigert? Hinke-{Lotta}
44%
Wie heißt Michels Pferd, dass er auf dem Viehmarkt durch eine Wette gewinnt? Lukas
39%
Keine übereinstimmenden Quizze gefunden
Verteilung der Resultate
Anzahl Personen mit jedem Resultat
Perzentil nach korrekt beantworteten Fragen
Ihre Resultats-Entwicklung
Sie haben dieses Quiz noch nicht gespielt